<?xml version="1.0" encoding="UTF-8"?>
<collection xmlns="http://www.loc.gov/MARC21/slim">
 <record>
  <leader>00478nam a22001455a 4500</leader>
  <controlfield tag="001">EUN.um055078</controlfield>
  <controlfield tag="003">AR-BaUNS</controlfield>
  <controlfield tag="005">20050623122921.0</controlfield>
  <controlfield tag="008">041125s1982####ag#a##########000#0#spa#d</controlfield>
  <datafield tag="245" ind1="0" ind2="0">
   <subfield code="a">ISLAS Malvinas Argentinas.</subfield>
  </datafield>
  <datafield tag="260" ind1=" " ind2=" ">
   <subfield code="a">Buenos Aires :</subfield>
   <subfield code="b">Presidencia de la Nación, Secretaría de información pública,</subfield>
   <subfield code="c">1982.</subfield>
  </datafield>
  <datafield tag="300" ind1=" " ind2=" ">
   <subfield code="a">No paginado :</subfield>
   <subfield code="b">ilus. ;</subfield>
   <subfield code="c">27,5 cm.</subfield>
  </datafield>
  <datafield tag="082" ind1="0" ind2="4">
   <subfield code="a">982.91</subfield>
  </datafield>
  <datafield tag="653" ind1=" " ind2=" ">
   <subfield code="a">Islas malvinas</subfield>
  </datafield>
  <datafield tag="859" ind1=" " ind2=" ">
   <subfield code="a">Ar-BaUNS</subfield>
   <subfield code="b">BIB. CENTRAL - Sector C</subfield>
   <subfield code="h">982.91</subfield>
   <subfield code="i">Is4</subfield>
   <subfield code="p">89125/982</subfield>
  </datafield>
 </record>
</collection>
